Statistics for Guess the Tina turner song

Click here to take the quiz!

General Stats

  • This quiz has been taken 3 times
  • The average score is 44 of 289

Answer Stats

Answer% Correct
Best
100%
I
100%
me
100%
Me
100%
The
100%
the
100%
you
100%
You
100%
A
50%
give
50%
Heart
50%
Love
50%
Private
50%
Rest
50%
About
0%
Advice
0%
Aint
0%
All
0%
And
0%
Aside
0%
Attraction
0%
authority
0%
Bad
0%
Books
0%
Bring
0%
But
0%
Can
0%
Case
0%
Catch
0%
Clever
0%
Close
0%
Confess
0%
Deal
0%
Deep
0%
Defend
0%
Defense
0%
Do
0%
Dont
0%
Embrace
0%
Enough
0%
Fall
0%
Falling
0%
Feel
0%
Female
0%
Fool
0%
For
0%
from
0%
Gotta
0%
Handle
0%
Help
0%
Hey
0%
How
0%
Ill
0%
Im
0%
In
0%
Intellect
0%
Is
0%
Just
0%
Justice
0%
Know
0%
Law
0%
Lawyer
0%
Laywer
0%
Let
0%
Life
0%
Like
0%
Little
0%
Loosen
0%
Make
0%
Male
0%
Man
0%
Match
0%
Mind
0%
Mine
0%
Mm
0%
My
0%
No
0%
Of
0%
Off
0%
Oh
0%
On
0%
Ooh
0%
Open
0%
Out
0%
Put
0%
Reaction
0%
Say
0%
Scales
0%
Seems
0%
Sense
0%
So
0%
some
0%
Something
0%
Suit
0%
Sure
0%
Tell
0%
That
0%
Them
0%
They
0%
Think
0%
This
0%
Tie
0%
Tip
0%
To
0%
Trouble
0%
Typical
0%
Up
0%
Using
0%
Want
0%
way
0%
We
0%
What
0%
When
0%
With
0%
Wits
0%
Wont
0%
Yeah
0%
Your
0%
Youre
0%

Score Distribution

Percentile by Number Answered

Percent of People with Each Score

Your Score History

You have not taken this quiz